00899nam a2200229 i 450000100060000000300090000600500170001500700030003200800410003508000220007610000370009824500940013526000340022930000390026349000320030250000140033450400280034850502210037670000190059783000320061685200210064850211ES-MaACL20250522063044.0t|030801s1982 sp ||||1| spa d a821.134.2-223"17"1 aCruz, Ramón de la, d1731-179410aSainetes. n1 / cRamón de la Cruz ; edición, introducción y notas de John Dowling. aMadrid : bCastalia, c[1982] a1 v. : b5 h. de lám. ; c18 cm.1 aClásicos Castalia ; v124 aGlosario. aBibliografia: p. 55-63.8 aContiene: 1 ; tEl Prado por la noche ; tLa Pradera de San Isidro ; tLa comedia de maravillas ; tLa presumida burlada ; tManolo ; tLas usías y las payas ; tEl cortejo escarmentado ; tEl diablo autor aburrido1 aDowling, John.0 aClásicos Castalia ; v124 aES-MaACLjP-1863